Tú en tu casa, yo en la mía : (Record no. 190334)
[ view plain ]
| 000 -CABECERA | |
|---|---|
| campo de control de longitud fija | 01630cab a2200289 ab4500 |
| 005 - FECHA Y HORA DE LA ÚLTIMA TRANSACCIÓN | |
| campo de control | 20231108094402.0 |
| 008 - ELEMENTOS DE LONGITUD FIJA--INFORMACIÓN GENERAL | |
| campo de control de longitud fija | 991125c2016 ck fr p o 000 0 spa d |
| 035 ## - NÚMERO DE CONTROL DEL SISTEMA | |
| Número de control de sistema | UPN01000218234 |
| 040 ## - FUENTE DE LA CATALOGACIÓN | |
| Centro catalogador/agencia de origen | MX-MxUPN |
| Lengua de catalogación | spa |
| Centro/agencia transcriptor | MX-MxUPN |
| Normas de descripción | aacr2 |
| 049 ## - COLECCIÓN | |
| Colección | ART-E |
| 100 1# - ASIENTO PRINCIPAL--NOMBRE PERSONAL | |
| Nombre de persona | Montoya Velilla, Lisseth |
| 100 1# - ASIENTO PRINCIPAL--NOMBRE PERSONAL | |
| Filiación | Ocampo Mejía, Luz Natalia |
| 100 1# - ASIENTO PRINCIPAL--NOMBRE PERSONAL | |
| Nombre de persona | Rodríguez Bustamante, Alexander |
| 100 1# - ASIENTO PRINCIPAL--NOMBRE PERSONAL | |
| Filiación | Giraldo Hurtado, Cristina María |
| 245 10 - MENCIÓN DE TÍTULO | |
| Título | Tú en tu casa, yo en la mía : |
| Resto del título | parejas LAT |
| Medio | [recurso electrónico en línea] |
| 506 0# - NOTA DE RESTRICCIONES AL ACCESO | |
| Limitaciones de acceso | Acceso abierto |
| 520 3# - NOTA DE RESUMEN, ETC. | |
| Sumario, etc. | El texto que se presenta, da cuenta de algunas de las características propias de las parejas LAT, como posibilidad relacional-vincular en el mundo de la pareja; los autores consideran, de valor académico, la lectura y reflexión, referidos a la comprensión en terapia familiar sistémica, y cómo este modelo relacional es cada vez más evidente en las nuevas conformaciones de pareja en el mundo. El artículo está lejos de plantear recetas, recomendaciones y puntos para la intervención; su intención primera es la generación de preguntas y discusiones, a propósito de esta dinámica para vivir en pareja, en pareja LAT (Living Apart Together). Poiesis. |
| 653 0# - TERMINO DE INDIZACION - NO CONTROLADO | |
| Término no controlado | Pareja |
| 653 0# - TERMINO DE INDIZACION - NO CONTROLADO | |
| Término no controlado | Relación de pareja |
| 653 0# - TERMINO DE INDIZACION - NO CONTROLADO | |
| Término no controlado | Vínculo de pareja |
| 653 0# - TERMINO DE INDIZACION - NO CONTROLADO | |
| Término no controlado | Dinamarca |
| 773 ## - ENLACE AL DOCUMENTO FUENTE/ENTRADA DE REGISTRO ANFITRIÓN | |
| Parte(s) relacionada(s) | No. 30 (2016), p. 178-183 |
| Título | Poiesis: revista electrónica de psicología social |
| Número Internacional Normalizado para Publicaciones Seriadas | 1692-0945 |
| 856 4# - LOCALIZACIÓN Y ACCESO ELECTRÓNICOS | |
| Identificador Uniforme del Recurso | <a href="http://www.funlam.edu.co/revistas/index.php/poiesis/article/view/1860/1485">http://www.funlam.edu.co/revistas/index.php/poiesis/article/view/1860/1485</a> |
| 902 ## - ELEMENTOS DE DATOS B LOCAL, LDB (RLIN) | |
| Modificó | Leonor Sotres/071123 |
| 905 ## - TIPO DE MATERIAL | |
| Tipo de material | Articulo |
| 942 ## - ELEMENTOS DE PUNTO DE ACCESO ADICIONAL (KOHA) | |
| Tipo de ítem Koha | Artículo Electrónico |
| Estado de retiro | Estado de pérdida | Estado dañado | No para préstamo | Código de colección | Localización permanente | Ubicación/localización actual | Ubicación en estantería | Fecha de adquisición | Total de préstamos | Fecha visto por última vez | Identificador Uniforme del Recurso | Precio válido a partir de | Tipo de ítem Koha |
|---|---|---|---|---|---|---|---|---|---|---|---|---|---|
| Acceso abierto | Bib. Gregorio Torres Quintero | Bib. Gregorio Torres Quintero | En línea | 07/11/2023 | 07/11/2023 | http://www.funlam.edu.co/revistas/index.php/poiesis/article/view/1860/1485 | 07/11/2023 | Artículo Electrónico |
